000 00489nam a2200193 a 4500
001 1775557144777
003 YourLibrary
005 20260407155041.0
008 260407s2004##################000#0#eng##
020 _a9780755312030
082 0 4 _a359.00941
_bPAR
100 1 _aParker, John,
_eauthor.
245 1 0 _aTask Force :
260 _bHeadline Book Pub Limited,
_c2004.
300 _a384 pages
650 0 _aHistory.
942 _cENGLISH
040 _aYourLibrary
_beng
_cYourLibrary
999 _c618908
_d618908